[Event "4NCL Online Division 5"]
[Site "online"]
[Date "2020.05.26"]
[Round "8.184"]
[White "Birch, James"]
[Black "Russell, Lloyd"]
[Result "1-0"]
[WhiteElo "1502"]
[BlackElo "1210"]
[PlyCount "83"]
[EventDate "2020.05.26"]
[WhiteTeam "Shropshire 4"]
[BlackTeam "Bude Surfers"]

1. c4 g6 2. g3 Bg7 3. Bg2 d6 4. Nc3 e5 5. e4 f5 6. d3 Nc6 7. Nge2 Nf6 8. f4
fxe4 9. fxe5 exd3 10. exf6 Bxf6 11. Qxd3 Bf5 12. Qe3+ Be5 13. Bd5 Qd7 14. Nf4
a6 15. Nfe2 Nb4 16. Be4 Bxe4 17. Qxe4 O-O-O 18. a3 Rde8 19. O-O Bxc3 20. Qf3
Bg7 21. axb4 Rhf8 22. Qg2 Qg4 23. Nf4 g5 24. h3 Qd7 25. Nd5 Bd4+ 26. Kh2 h6 27.
Bd2 Bxb2 28. Rab1 Be5 29. Bc3 Qe6 30. Bxe5 Qxe5 31. Rxf8 Rxf8 32. Rf1 Re8 33.
Rf2 Qd4 34. Re2 Rf8 35. Rc2 b6 36. Ne7+ Kd8 37. Nc6+ Kd7 38. Nxd4 a5 39. bxa5
bxa5 40. Qc6+ Ke7 41. Qxc7+ Ke8 42. Re2# 1-0

[Event "4NCL Online Division 5"]
[Site "online"]
[Date "2020.05.26"]
[Round "8.191"]
[White "Chung, Michael"]
[Black "Jeffs, David"]
[Result "1/2-1/2"]
[WhiteElo "1615"]
[BlackElo "1720"]
[PlyCount "139"]
[EventDate "2020.05.26"]
[WhiteTeam "Streatham C"]
[BlackTeam "Warley and Quinborne"]

1. e4 c5 2. Nf3 Nc6 3. c4 d6 4. Nc3 g6 5. d3 Bg7 6. Be2 e6 7. O-O Nf6 8. a3 O-O
9. Rb1 Bd7 10. h3 a6 11. b4 cxb4 12. axb4 e5 13. Kh2 h6 14. Be3 Nh7 15. Nd5 Nd4
16. Qd2 g5 17. Qb2 Nxf3+ 18. gxf3 Rc8 19. Rg1 f5 20. Bd2 f4 21. Rh1 Nf6 22.
Nxf6+ Bxf6 23. Bc3 Qb6 24. Kg2 Kf7 25. c5 dxc5 26. Bxe5 cxb4 27. Bxf6 Qxf6 28.
Qxb4 Bb5 29. Rhc1 Rfd8 30. Rc5 Rxc5 31. Qxc5 Qd6 32. Qc2 Rd7 33. Rd1 Rc7 34.
Qa2+ Kg7 35. Qb2+ Kh7 36. e5 Qd5 37. d4 Bxe2 38. Qxe2 Rc6 39. Qe4+ Qxe4 40.
fxe4 Kg7 41. Rb1 b5 42. d5 Rc4 43. f3 b4 44. Rb2 a5 45. e6 Kf6 46. Rd2 b3 47.
e5+ Kg7 48. Kf2 Rc2 49. Ke2 b2 50. Rxc2 b1=Q 51. Rc7+ Kg6 52. Rd7 Qb2+ 53. Kd3
Qb5+ 54. Kc2 a4 55. Rd6 Qb3+ 56. Kc1 Qc3+ 57. Kb1 a3 58. e7+ Kh7 59. Rb6 Qxe5
60. d6 Qe6 61. Rb7 Kg6 62. Rb8 a2+ 63. Ka1 Qe1+ 64. Kxa2 Qd2+ 65. Ka1 Qd1+ 66.
Kb2 Qd2+ 67. Kb1 Qd1+ 68. Kb2 Qd2+ 69. Kb1 Qd1+ 70. Kb2 1/2-1/2

[Event "4NCL Online Division 5"]
[Site "online"]
[Date "2020.05.26"]
[Round "8.192"]
[White "Draper, Martin"]
[Black "Isaacs, Ruairi"]
[Result "1-0"]
[WhiteElo "1525"]
[BlackElo "1360"]
[PlyCount "23"]
[EventDate "2020.05.26"]
[WhiteTeam "Warley and Quinborne"]
[BlackTeam "Streatham C"]

1. d4 Nf6 2. Bf4 e6 3. e3 c5 4. c3 Nc6 5. Nf3 cxd4 6. exd4 Qb6 7. Qb3 Qxb3 8.
axb3 Be7 9. Nbd2 d6 10. Nc4 d5 11. Nb6 Rb8 12. Bxb8 1-0

[Event "4NCL Online Division 5"]
[Site "online"]
[Date "2020.05.26"]
[Round "8.193"]
[White "Yordanov, Denislav"]
[Black "Berry, Steve"]
[Result "1-0"]
[WhiteElo "1412"]
[BlackElo "1480"]
[PlyCount "121"]
[EventDate "2020.05.26"]
[WhiteTeam "Streatham C"]
[BlackTeam "Warley and Quinborne"]

1. d4 e6 2. c4 Nf6 3. Bg5 Be7 4. Nc3 d5 5. e3 O-O 6. Bd3 Nc6 7. Qc2 Nb4 8. Qb1
Nxd3+ 9. Qxd3 a6 10. Nf3 Ng4 11. Bxe7 Qxe7 12. cxd5 e5 13. h3 Nh6 14. dxe5 Qb4
15. O-O Qxb2 16. Rab1 Qa3 17. Rb3 Qe7 18. Re1 b5 19. a3 Nf5 20. e4 Nh6 21. Ne2
Kh8 22. Ned4 Ng8 23. Nc6 Qd7 24. Re3 Ne7 25. Ncd4 Ng6 26. Nf5 Nf4 27. Qd2 Qd8
28. Rec3 Ng6 29. Qc1 Ra7 30. N5d4 Rb7 31. Nc6 Qd7 32. Na5 Ra7 33. Qe3 Ra8 34.
Nc6 Qe8 35. Na5 Nxe5 36. Nxe5 Qxe5 37. Qc5 Rg8 38. f3 Qg3 39. Nc6 Bxh3 40. Rc2
Qe1+ 41. Kh2 Qh4 42. gxh3 Qf4+ 43. Kh1 Qh4 44. Qf2 Qh6 45. Qg3 Rae8 46. Ne5 Qf6
47. f4 Re7 48. Rbc3 Rc8 49. Rc6 Qxc6 50. Rxc6 f6 51. Nd3 Rxe4 52. Re6 Rd4 53.
Qe3 h6 54. Re8+ Rxe8 55. Qxe8+ Kh7 56. Qe3 Rc4 57. Nf2 a5 58. Nd1 b4 59. axb4
axb4 60. Qd3+ Kg8 61. Qxc4 1-0

[Event "4NCL Online Division 5"]
[Site "online"]
[Date "2020.05.26"]
[Round "8.194"]
[White "Lewis, John B"]
[Black "Adatia, Amar"]
[Result "1/2-1/2"]
[WhiteElo "1465"]
[BlackElo "1247"]
[PlyCount "42"]
[EventDate "2020.05.26"]
[WhiteTeam "Warley and Quinborne"]
[BlackTeam "Streatham C"]

1. d4 Nf6 2. c4 g6 3. Nc3 d5 4. c5 Bg7 5. Bf4 Nc6 6. e3 O-O 7. Bd3 b6 8. cxb6
cxb6 9. Rc1 Bd7 10. Nf3 Rc8 11. O-O Bg4 12. h3 Bxf3 13. Qxf3 Nb4 14. Qd1 e6 15.
a3 Nxd3 16. Qxd3 Nh5 17. Bh2 f5 18. Qd2 Nf6 19. f3 Qd7 20. Qd3 Qc6 21. Ne2 Qd7
1/2-1/2

[Event "4NCL Online Division 5"]
[Site "online"]
[Date "2020.05.26"]
[Round "8.201"]
[White "Maton, James J"]
[Black "Kucukyildiz, Alp Tugrul"]
[Result "0-1"]
[WhiteElo "1562"]
[BlackElo "1397"]
[PlyCount "62"]
[EventDate "2020.05.26"]
[WhiteTeam "St Albans 3"]
[BlackTeam "Wimbledon 3"]

1. d4 Nf6 2. c4 e6 3. Nf3 d5 4. g3 b6 5. Bg2 Bb7 6. O-O c5 7. cxd5 Bxd5 8. dxc5
Bxc5 9. Nc3 O-O 10. Nxd5 Nxd5 11. a3 Nc6 12. Qc2 Rc8 13. b4 Ncxb4 14. axb4
Bxf2+ 15. Rxf2 Rxc2 16. Rf1 Nxb4 17. Bg5 f6 18. Be3 Rxe2 19. Rfd1 Qe7 20. Bf2
Rd8 21. Rdc1 Ra2 22. Rab1 Nd3 23. Rf1 Nxf2 24. Rxf2 Rxf2 25. Kxf2 Qc5+ 26. Kf1
Qc4+ 27. Kg1 Qc2 28. Rf1 Rd1 29. Ne1 Qc5+ 30. Kh1 Qc1 31. Nd3 Rxf1+ 0-1

[Event "4NCL Online Division 5"]
[Site "online"]
[Date "2020.05.26"]
[Round "8.202"]
[White "Selim, Omar"]
[Black "Angel, George"]
[Result "0-1"]
[WhiteElo "1262"]
[BlackElo "1472"]
[PlyCount "90"]
[EventDate "2020.05.26"]
[WhiteTeam "Wimbledon 3"]
[BlackTeam "St Albans 3"]

1. e4 c6 2. d4 d5 3. exd5 cxd5 4. Nf3 Nc6 5. h3 Bf5 6. Bd3 Bxd3 7. Qxd3 e6 8.
c3 Bd6 9. O-O Qc7 10. Re1 h6 11. Nbd2 Nge7 12. Nf1 O-O 13. Be3 a6 14. Qd2 b5
15. Nh4 b4 16. Rab1 Rfc8 17. g3 bxc3 18. bxc3 Na5 19. Rec1 Nc4 20. Qe2 Rab8 21.
Rxb8 Rxb8 22. Ng2 Qa5 23. Bf4 Bxf4 24. Nxf4 Rb2 25. Rc2 Qxa2 26. Rxb2 Qxb2 27.
Qe1 a5 28. Nxe6 fxe6 29. Qxe6+ Kf8 30. Qd7 Qxc3 31. Qd8+ Kf7 32. Qb8 Qxd4 33.
Qc7 a4 34. Nh2 Nd2 35. Qc1 Qd3 36. Qc7 Nf3+ 37. Nxf3 Qxf3 38. Qe5 a3 39. Qa1
Qb3 40. Kg2 a2 41. Qe5 Qb1 42. Qf4+ Kg8 43. Qd6 Qe4+ 44. Kh2 a1=Q 45. Qd8+ Kh7
0-1

[Event "4NCL Online Division 5"]
[Site "online"]
[Date "2020.05.26"]
[Round "8.203"]
[White "Branch, Graham"]
[Black "Li, Sophia"]
[Result "1-0"]
[WhiteElo "1450"]
[BlackElo "1097"]
[PlyCount "135"]
[EventDate "2020.05.26"]
[WhiteTeam "St Albans 3"]
[BlackTeam "Wimbledon 3"]

1. c4 e5 2. e3 Nc6 3. Nc3 f5 4. d4 exd4 5. exd4 Nf6 6. Nf3 Bb4 7. a3 Bxc3+ 8.
bxc3 O-O 9. Bd3 d6 10. O-O Qe8 11. Qc2 Qh5 12. Bf4 Ne7 13. Rfe1 Ng6 14. Bd2 f4
15. Bxg6 hxg6 16. Bxf4 Bf5 17. Qb2 b6 18. Re7 Rae8 19. Rae1 Rxe7 20. Rxe7 Ng4
21. Qe2 Nf6 22. Rxc7 Bg4 23. Qe7 Ne8 24. Rc8 g5 25. Rxe8 Rxe8 26. Qxd6 Bxf3 27.
Be3 Qg4 28. Qg3 Qxg3 29. hxg3 Bh5 30. d5 Kf7 31. Kf1 Ke7 32. c5 bxc5 33. Bxc5+
Kd7 34. Bxa7 Kd6 35. c4 Be2+ 36. Kg1 Bxc4 37. Be3 Re5 38. Bd4 Re1+ 39. Kh2 Kxd5
40. Bxg7 Ra1 41. Bxa1 Kc5 42. Bf6 g4 43. f3 gxf3 44. gxf3 Kb5 45. f4 Ka4 46.
Be7 Be6 47. Kg2 Bd5+ 48. Kf2 Be6 49. Ke3 Bf5 50. Kd4 Bh3 51. Ke5 Bg4 52. f5 Kb3
53. f6 Bh5 54. Ke6 Ka4 55. f7 Bxf7+ 56. Kxf7 Kb3 57. g4 Ka4 58. g5 Kb3 59. g6
Ka4 60. g7 Kb3 61. g8=Q Ka4 62. Qg4+ Kb5 63. Qc8 Kb6 64. Qc5+ Kb7 65. Bd6 Ka6
66. Qb4 Ka7 67. Qb5 Ka8 68. Qb8# 1-0

[Event "4NCL Online Division 5"]
[Site "online"]
[Date "2020.05.26"]
[Round "8.204"]
[White "Sood, Kamaljit"]
[Black "Gemmell, Adam"]
[Result "0-1"]
[WhiteElo "1090"]
[BlackElo "1390"]
[PlyCount "82"]
[EventDate "2020.05.26"]
[WhiteTeam "Wimbledon 3"]
[BlackTeam "St Albans 3"]

1. e4 e5 2. Nf3 Nc6 3. Nc3 Nf6 4. Bc4 Bc5 5. O-O d6 6. d3 h6 7. Be3 Bb6 8. Bxb6
axb6 9. d4 Bg4 10. d5 Nd4 11. Be2 Nxe2+ 12. Qxe2 O-O 13. Qe3 c6 14. h3 Bh5 15.
a4 Qc7 16. b3 Rfc8 17. Ra2 Bg6 18. Nh4 Bh7 19. f4 b5 20. f5 bxa4 21. bxa4 cxd5
22. Rf3 d4 23. Nb5 Qc4 24. Qb3 Nxe4 25. Qxc4 Rxc4 26. a5 Rc5 27. Rb3 Kh8 28. g4
Rac8 29. Rbb2 Nc3 30. Nxc3 Rxc3 31. Rxb7 Rxc2 32. Rxc2 Rxc2 33. Rb8+ Bg8 34.
Rd8 Rc6 35. Nf3 Ra6 36. Kf2 Kh7 37. Ke2 f6 38. Kd3 d5 39. Nxd4 exd4 40. Kxd4
Rxa5 41. h4 Ra4+ 0-1

[Event "4NCL Online Division 5"]
[Site "online"]
[Date "2020.05.26"]
[Round "8.211"]
[White "Gardner, Phillip K"]
[Black "Brewis, Alan"]
[Result "1-0"]
[WhiteElo "1846"]
[BlackElo "1375"]
[PlyCount "83"]
[EventDate "2020.05.26"]
[WhiteTeam "Sheffield Deaf"]
[BlackTeam "Broken Herts 3"]

1. e4 d6 2. d4 Nf6 3. Nc3 e5 4. dxe5 dxe5 5. Qxd8+ Kxd8 6. Bg5 Be6 7. g3 Nbd7
8. f4 exf4 9. gxf4 Bg4 10. e5 h6 11. Bh4 g5 12. fxg5 Ng8 13. g6+ Be7 14. Bg3
fxg6 15. Be2 Be6 16. O-O-O c6 17. Nf3 Kc7 18. Nd4 Nf8 19. Nxe6+ Nxe6 20. Bg4
Bg5+ 21. Kb1 Re8 22. Ne4 Bf4 23. Bxe6 Bxg3 24. Bxg8 Bxe5 25. Bf7 Re7 26. Bxg6
Rg8 27. Bf5 Rf8 28. Ng3 Bd6 29. Bd3 Re6 30. Ne4 Be5 31. Rdf1 Rxf1+ 32. Rxf1
Bxh2 33. a3 Be5 34. c4 Bd4 35. b4 Be3 36. Kc2 Bg5 37. c5 Re5 38. Rf7+ Kc8 39.
Nd6+ Kb8 40. Rf8+ Kc7 41. Bf5 Be7 42. Rc8# 1-0

[Event "4NCL Online Division 5"]
[Site "online"]
[Date "2020.05.26"]
[Round "8.212"]
[White "Dometakis, Lakis"]
[Black "Gibson, Stephen"]
[Result "0-1"]
[WhiteElo "1315"]
[BlackElo "1510"]
[PlyCount "84"]
[EventDate "2020.05.26"]
[WhiteTeam "Broken Herts 3"]
[BlackTeam "Sheffield Deaf"]

1. d4 b5 2. e3 a6 3. Nf3 e6 4. g3 Bb7 5. Bg2 Nf6 6. O-O c5 7. b3 Ne4 8. Bb2 d6
9. Nbd2 Nxd2 10. Qxd2 Nd7 11. a3 Nf6 12. Rad1 Be7 13. c3 O-O 14. Qc2 Be4 15.
Qc1 Qc7 16. dxc5 dxc5 17. c4 Rad8 18. cxb5 axb5 19. a4 b4 20. Qc4 Qb7 21. Ra1
Bxf3 22. Bxf3 Qxf3 23. Bxf6 Qxf6 24. a5 Qc3 25. Qb5 Qxb3 26. a6 Rb8 27. Qd7 Bf6
28. Ra5 Qd5 29. Qa4 Rfd8 30. a7 Ra8 31. Rb5 Bc3 32. Qa5 Qd7 33. Rxc5 Rxa7 34.
Qb5 Qxb5 35. Rxb5 Raa8 36. Kg2 Rab8 37. Rxb8 Rxb8 38. Rb1 b3 39. Kf3 b2 40. Ke2
Ra8 41. Rd1 Bf6 42. Kd3 Ra1 0-1

[Event "4NCL Online Division 5"]
[Site "online"]
[Date "2020.05.26"]
[Round "8.213"]
[White "Litherland, Reuben"]
[Black "Cooper, John L"]
[Result "0-1"]
[WhiteElo "1375"]
[BlackElo "1247"]
[PlyCount "64"]
[EventDate "2020.05.26"]
[WhiteTeam "Sheffield Deaf"]
[BlackTeam "Broken Herts 3"]

1. c4 e5 2. e3 Bc5 3. d4 exd4 4. exd4 Bb4+ 5. Nc3 Bxc3+ 6. bxc3 d5 7. Be3 Nf6
8. Bg5 Be6 9. Bxf6 Qxf6 10. cxd5 Bxd5 11. Bb5+ c6 12. Bd3 Bxg2 13. Qe2+ Qe6 14.
O-O-O Qxe2 15. Nxe2 Bxh1 16. Rxh1 O-O 17. Ng3 Nd7 18. Nf5 g6 19. Nd6 b6 20. Re1
Nf6 21. Re7 Rad8 22. Ne4 Nxe4 23. Rxe4 Rde8 24. Re5 Rxe5 25. dxe5 Re8 26. f4
Re7 27. h4 Kg7 28. Be4 c5 29. Kb2 f6 30. exf6+ Kxf6 31. Bd3 Re3 32. Kc2 Rh3 0-1

[Event "4NCL Online Division 5"]
[Site "online"]
[Date "2020.05.26"]
[Round "8.214"]
[White "Berkhout, Theo"]
[Black "Cooper, Howard"]
[Result "1-0"]
[WhiteElo "1067"]
[BlackElo "1300"]
[PlyCount "89"]
[EventDate "2020.05.26"]
[WhiteTeam "Broken Herts 3"]
[BlackTeam "Sheffield Deaf"]

1. c4 e6 2. Nc3 c6 3. g3 Nf6 4. Bg2 d6 5. Nf3 Nbd7 6. e3 Nc5 7. d4 Nce4 8. Qc2
Nxc3 9. Qxc3 d5 10. c5 Ne4 11. Qc2 Be7 12. O-O O-O 13. Nd2 Nxd2 14. Bxd2 f6 15.
e4 Qe8 16. exd5 cxd5 17. b4 f5 18. f4 Bf6 19. Qc3 Qb5 20. Rf2 Qc4 21. Qxc4 dxc4
22. Bc3 Rb8 23. a4 Bd7 24. b5 b6 25. c6 Be8 26. Rd2 a5 27. Rc1 Bf7 28. d5 Bxc3
29. Rxc3 exd5 30. Bxd5 Bxd5 31. Rxd5 g6 32. Rxc4 Rbd8 33. Rxd8 Rxd8 34. c7 Rc8
35. Kf2 Kf7 36. Ke3 Ke6 37. Kd4 Kd6 38. Rc6+ Kd7 39. Rxb6 Rxc7 40. Ra6 Rc2 41.
Ra7+ Rc7 42. b6 Rb7 43. Rxb7+ Kc6 44. Rb8 h6 45. Ke5 1-0

[Event "4NCL Online Division 5"]
[Site "online"]
[Date "2020.05.26"]
[Round "8.221"]
[White "Holland, Gabriella"]
[Black "Humeniuk, Michael"]
[Result "0-1"]
[WhiteElo "1375"]
[BlackElo "1480"]
[PlyCount "138"]
[EventDate "2020.05.26"]
[WhiteTeam "Watford Juniors B"]
[BlackTeam "Broken Herts 2"]

1. e4 e5 2. Nf3 Nc6 3. d4 exd4 4. c3 d6 5. cxd4 d5 6. Nc3 dxe4 7. Nxe4 f5 8.
Neg5 h6 9. Qe2+ Qe7 10. Qxe7+ Bxe7 11. Nh3 g5 12. Ne5 Nxd4 13. Bd3 Bb4+ 14. Bd2
Bxd2+ 15. Kxd2 Be6 16. Rhe1 O-O-O 17. Rad1 Ne7 18. Nf7 Bxf7 19. Rxe7 Bxa2 20.
Kc3 Kb8 21. Bc4 Nb5+ 22. Kc2 Rxd1 23. Kxd1 Bxc4 24. f4 g4 25. Nf2 b6 26. Re5
Nd6 27. g3 Re8 28. Rxe8+ Nxe8 29. h3 h5 30. hxg4 hxg4 31. Kc2 Nd6 32. Kc3 b5
33. b3 Be2 34. b4 Nc4 35. Kd4 Kb7 36. Kc3 Kb6 37. Kd4 a5 38. bxa5+ Kxa5 39. Kc3
c5 40. Kb3 Nd6 41. Kc3 b4+ 42. Kd2 Bb5 43. Nd1 c4 44. Ne3 c3+ 45. Kc2 Ne4 46.
Nxf5 Ka4 47. Nd4 Nxg3 48. Nxb5 Kxb5 49. Kb3 Nf5 50. Kc2 g3 51. Kd3 g2 52. Ke4
Nd6+ 53. Ke5 Nc4+ 54. Ke6 g1=Q 55. f5 Qe3+ 56. Kd7 Ne5+ 57. Kd6 Qf4 58. f6
Qxf6+ 59. Kd5 Nc4 60. Ke4 Qe5+ 61. Kf3 Kc5 62. Kg4 Kd4 63. Kf3 Qe4+ 64. Kf2
Qe3+ 65. Kg2 Ke4 66. Kf1 Qd2 67. Kg1 Kf3 68. Kh1 c2 69. Kg1 Qg2# 0-1

[Event "4NCL Online Division 5"]
[Site "online"]
[Date "2020.05.26"]
[Round "8.222"]
[White "Butina, Darko"]
[Black "Demjan, Denisz"]
[Result "1-0"]
[WhiteElo "1465"]
[BlackElo "1277"]
[PlyCount "125"]
[EventDate "2020.05.26"]
[WhiteTeam "Broken Herts 2"]
[BlackTeam "Watford Juniors B"]

1. d4 d5 2. c4 e6 3. Nc3 Bb4 4. Qc2 Nc6 5. Nf3 Nf6 6. Bf4 Ne4 7. e3 Nxc3 8.
bxc3 Bd6 9. Bxd6 Qxd6 10. c5 Qe7 11. Be2 O-O 12. O-O e5 13. Nd2 exd4 14. cxd4
Nxd4 15. exd4 Qxe2 16. Rfe1 Qg4 17. Qc3 c6 18. Re3 Qg5 19. Rae1 Be6 20. Nf3 Qg6
21. Ne5 Qf6 22. a4 h6 23. a5 a6 24. Rb1 Rab8 25. Rb6 Qe7 26. Qd2 Qg5 27. Rb2
Rfe8 28. Rg3 Qxd2 29. Rxd2 f6 30. Nd3 Bf5 31. Re3 Bxd3 32. Rdxd3 Kf7 33. Rb3 f5
34. Rxe8 Kxe8 35. f4 Kd7 36. Kf2 Kc7 37. Rg3 Rg8 38. Rg6 Kd7 39. Rg3 g5 40.
fxg5 hxg5 41. Re3 Rg7 42. Re5 f4 43. Kf3 Rg6 44. Kg4 Rh6 45. h3 Rg6 46. Rxg5
Rxg5+ 47. Kxg5 Ke6 48. Kxf4 Kf6 49. h4 Kg6 50. g4 Kh6 51. Ke5 Kg6 52. Kd6 b5
53. cxb6 c5 54. Kxc5 Kf6 55. b7 Ke6 56. b8=Q Kf6 57. Qe5+ Kg6 58. h5+ Kf7 59.
g5 Kg8 60. Qc7 Kf8 61. h6 Ke8 62. h7 Kf8 63. h8=Q# 1-0

[Event "4NCL Online Division 5"]
[Site "online"]
[Date "2020.05.26"]
[Round "8.223"]
[White "George, Seb"]
[Black "Williams, Graham"]
[Result "0-1"]
[WhiteElo "1187"]
[BlackElo "1435"]
[PlyCount "62"]
[EventDate "2020.05.26"]
[WhiteTeam "Watford Juniors B"]
[BlackTeam "Broken Herts 2"]

1. e4 e5 2. Nf3 Nc6 3. Bb5 a6 4. Ba4 d6 5. d4 Bd7 6. d5 Na7 7. Bxd7+ Qxd7 8. c4
Nf6 9. Nc3 Be7 10. h3 h6 11. Qb3 b6 12. O-O O-O 13. Nh4 Nh7 14. Nf5 Nc8 15. Qd1
Bg5 16. f4 exf4 17. Bxf4 Bxf4 18. Rxf4 Ne7 19. g4 Nxf5 20. gxf5 g5 21. fxg6
fxg6 22. Rg4 g5 23. Qd4 Rf3 24. Kg2 Raf8 25. b4 Qf7 26. b5 Rxc3 27. Qxc3 Qf2+
28. Kh1 Rf3 29. Rg2 Qxg2+ 30. Kxg2 Rxc3 31. bxa6 Ra3 0-1

[Event "4NCL Online Division 5"]
[Site "online"]
[Date "2020.05.26"]
[Round "8.224"]
[White "Huhn, Robert M"]
[Black "Tathare, Rohan"]
[Result "1/2-1/2"]
[WhiteElo "1412"]
[BlackElo "1165"]
[PlyCount "116"]
[EventDate "2020.05.26"]
[WhiteTeam "Broken Herts 2"]
[BlackTeam "Watford Juniors B"]

1. c4 Nf6 2. Nc3 e5 3. Nf3 Nc6 4. g3 g6 5. Bg2 Bg7 6. O-O O-O 7. d3 b6 8. Nxe5
Bb7 9. d4 Rb8 10. Nxc6 Bxc6 11. Bxc6 dxc6 12. b3 c5 13. d5 Ne4 14. Nxe4 Bxa1
15. Bg5 f6 16. Qxa1 fxg5 17. Qe5 Rf5 18. Qe6+ Rf7 19. d6 Kf8 20. Qe5 Rg7 21.
Nxg5 Qxd6 22. Qxd6+ cxd6 23. Ne6+ Kf7 24. Nxg7 Kxg7 25. Rd1 Rd8 26. e4 Re8 27.
f3 Kf8 28. Rxd6 Kg8 29. Rd7 a6 30. Rd6 b5 31. Rxa6 bxc4 32. bxc4 Rd8 33. Rc6
Rd1+ 34. Kg2 Rd2+ 35. Kh3 Rxa2 36. Rxc5 Ra8 37. Rc7 Rf8 38. Kg4 h5+ 39. Kg5
Rxf3 40. Kxg6 Rf8 41. Kxh5 Re8 42. Kg6 Re6+ 43. Kf5 Re8 44. e5 Rf8+ 45. Kg6 Re8
46. e6 Rxe6+ 47. Kf5 Re8 48. Kf6 Rf8+ 49. Ke7 Rf7+ 50. Kd6 Rf6+ 51. Ke5 Rf8 52.
c5 Re8+ 53. Kd6 Rd8+ 54. Rd7 Rf8 55. c6 Rf6+ 56. Ke7 Rxc6 57. Rd8+ Kg7 58. Rd6
Rc2 1/2-1/2

[Event "4NCL Online Division 5"]
[Site "online"]
[Date "2020.05.26"]
[Round "8.231"]
[White "Amir, Zain"]
[Black "Eccleston, Bryony"]
[Result "1-0"]
[WhiteElo "1390"]
[BlackElo "1330"]
[PlyCount "127"]
[EventDate "2020.05.26"]
[WhiteTeam "Warwickshire Bears D"]
[BlackTeam "Manchester Juniors C"]

1. c4 Nf6 2. Nc3 e6 3. g3 d5 4. cxd5 Nxd5 5. Bg2 Nxc3 6. bxc3 Nc6 7. Nf3 Bc5 8.
O-O O-O 9. d4 Bb6 10. Bf4 Bd7 11. Qc2 Ne7 12. Ne5 Bc6 13. Nxc6 Nxc6 14. a4 a6
15. Qb2 Rb8 16. Rfd1 Qf6 17. Qc2 e5 18. dxe5 Nxe5 19. Rd5 Ng4 20. e3 h6 21. h3
g5 22. Bxg5 Nxe3 23. Bxe3 Bxe3 24. fxe3 Rbe8 25. Rf5 Qb6 26. Re1 Rxe3 27. Rxe3
Qxe3+ 28. Kh2 Rd8 29. Rf3 Rd2 30. Rxe3 Rxc2 31. h4 Kf8 32. Kh3 Ra2 33. Re4 Ra3
34. Rc4 b5 35. axb5 axb5 36. Rxc7 Rb3 37. Rc5 Kg7 38. Bc6 b4 39. cxb4 Rxb4 40.
Rb5 Rc4 41. Bg2 Rc3 42. Rb7 Rd3 43. Be4 Re3 44. Bd5 Rf3 45. Bxf3 Kg6 46. Rb6+
Kf5 47. Rxh6 Ke5 48. Bh5 f6 49. Bf3 f5 50. Rh5 Kf6 51. g4 fxg4+ 52. Kxg4 Kg6
53. Bd1 Kg7 54. Ra5 Kh6 55. Ra6+ Kh7 56. Kg5 Kg7 57. Ra7+ Kf8 58. Kf6 Ke8 59.
Rh7 Kd8 60. Ke6 Kc8 61. Kd6 Kb8 62. Kc6 Ka8 63. Kb6 Kb8 64. Rh8# 1-0

[Event "4NCL Online Division 5"]
[Site "online"]
[Date "2020.05.26"]
[Round "8.232"]
[White "Seet, Joshua"]
[Black "Nasibova, Margarita"]
[Result "1-0"]
[WhiteElo "1232"]
[BlackElo "1360"]
[PlyCount "59"]
[EventDate "2020.05.26"]
[WhiteTeam "Manchester Juniors C"]
[BlackTeam "Warwickshire Bears D"]

1. d4 Nf6 2. c4 g6 3. Nc3 Bg7 4. e4 d6 5. Be3 O-O 6. f3 Nbd7 7. Bd3 e5 8. d5 c6
9. Nge2 Nb6 10. O-O Bd7 11. Qd2 Re8 12. Bh6 Qe7 13. Bxg7 Kxg7 14. a4 a5 15. Qe3
c5 16. b3 Nh5 17. g4 Nf6 18. f4 Nxg4 19. Qg3 Nh6 20. f5 Qf6 21. h4 Kh8 22. fxg6
hxg6 23. Rxf6 Ng4 24. Rxf7 Bc8 25. Nb5 Rg8 26. Nxd6 Nh6 27. Rf6 Kh7 28. Nf7
Nxf7 29. Rxf7+ Kh8 30. Qg5 1-0

[Event "4NCL Online Division 5"]
[Site "online"]
[Date "2020.05.26"]
[Round "8.233"]
[White "Chen, Olivia"]
[Black "Eccleston, Rowan"]
[Result "0-1"]
[WhiteElo "1307"]
[BlackElo "1120"]
[PlyCount "94"]
[EventDate "2020.05.26"]
[WhiteTeam "Warwickshire Bears D"]
[BlackTeam "Manchester Juniors C"]

1. d4 e6 2. Nf3 d5 3. e3 c5 4. Bd3 c4 5. Be2 Nc6 6. c3 Qb6 7. Nbd2 Bd6 8. O-O
Nf6 9. b3 cxb3 10. axb3 Bd7 11. Re1 O-O 12. e4 dxe4 13. Ng5 Qc7 14. h3 Bh2+ 15.
Kh1 Bf4 16. Ngxe4 Bxd2 17. Nxf6+ gxf6 18. Bxd2 Kh8 19. Bh5 Ne7 20. Bh6 Rfd8 21.
Bxf7 Qxc3 22. Qg4 Nf5 23. Bf4 Qxd4 24. Bxe6 Bxe6 25. Rad1 Qxf2 26. Rxe6 Rxd1+
27. Qxd1 Qxf4 28. Kg1 Qd4+ 29. Qxd4 Nxd4 30. Re3 Kg8 31. Rg3+ Kf8 32. Kf2 Re8
33. Rd3 Nb5 34. Rd7 b6 35. Rxh7 Kg8 36. Rd7 Rc8 37. b4 Rc4 38. Rd8+ Kg7 39.
Rd7+ Kg6 40. Rd5 Rxb4 41. g4 Nc3 42. Ke3 Nxd5+ 43. Kf3 a5 44. Kg3 a4 45. h4 Kh6
46. h5 a3 47. Kh4 a2 0-1

[Event "4NCL Online Division 5"]
[Site "online"]
[Date "2020.05.26"]
[Round "8.241"]
[White "Liu, Jason"]
[Black "Siddle, Michael"]
[Result "1-0"]
[WhiteElo "1000"]
[BlackElo "1562"]
[PlyCount "71"]
[EventDate "2020.05.26"]
[WhiteTeam "BBC Penguins"]
[BlackTeam "Bishop Knights"]

1. e4 d5 2. exd5 Qxd5 3. Nf3 Bf5 4. Be2 Nf6 5. O-O e6 6. d4 Nbd7 7. c4 Qa5 8.
Nc3 c6 9. a3 Qc7 10. b4 Be7 11. Bg5 h6 12. Bh4 O-O 13. c5 Qd8 14. Qd2 Ne4 15.
Nxe4 Bxe4 16. Bg3 Re8 17. Qc3 Bd5 18. Nd2 Bf6 19. Qc4 Bxc4 20. Nxc4 e5 21. Nd6
exd4 22. Bc4 Rf8 23. Nxb7 Qe8 24. Rae1 Be5 25. Nd6 Qe7 26. f4 Kh8 27. fxe5 Qg5
28. Rxf7 Qd2 29. Rxd7 Kh7 30. e6 Rf4 31. e7 d3 32. Rd8 Rxc4 33. Nxc4 Qc2 34.
Rxa8 d2 35. Nxd2 Qxd2 36. e8=Q 1-0

[Event "4NCL Online Division 5"]
[Site "online"]
[Date "2020.05.26"]
[Round "8.242"]
[White "Sides, David"]
[Black "Liu, Benjamin"]
[Result "0-1"]
[WhiteElo "1547"]
[BlackElo "700"]
[PlyCount "142"]
[EventDate "2020.05.26"]
[WhiteTeam "Bishop Knights"]
[BlackTeam "BBC Penguins"]

1. e4 c6 2. Nf3 d5 3. e5 Bg4 4. d4 e6 5. Be2 Nd7 6. Nc3 c5 7. h3 Bxf3 8. Bxf3
Qb6 9. b3 cxd4 10. Na4 Qa5+ 11. Bd2 Bb4 12. Bxb4 Qxb4+ 13. Qd2 Qxd2+ 14. Kxd2
Nxe5 15. Nc5 b6 16. Nd3 Nxf3+ 17. gxf3 Ne7 18. Rhg1 O-O 19. Rg4 Nf5 20. Ne5
Rfc8 21. Nd3 Rc7 22. Rc1 Rac8 23. f4 Nd6 24. f3 f5 25. Rg2 Kf7 26. h4 Kf6 27.
Kd1 h6 28. h5 Nb5 29. Ne5 Nc3+ 30. Ke1 Nxa2 31. Rg6+ Ke7 32. Rxg7+ Kd6 33. Rxc7
Rxc7 34. Ra1 Rxc2 35. Kd1 Rh2 36. Nd3 Nc3+ 37. Kc1 Rh1+ 38. Kb2 Rh2+ 39. Ka3 a5
40. b4 axb4+ 41. Nxb4 Kc5 42. Kb3 Rxh5 43. Re1 Rh3 44. Rxe6 h5 45. Nd3+ Kb5 46.
Ne1 Rh1 47. Kc2 h4 48. Re5 h3 49. Nd3 Rh2+ 50. Kb3 Rh1 51. Rxf5 h2 52. Rh5 Rb1+
53. Kc2 h1=Q 54. Rxh1 Rxh1 55. f5 Rf1 56. f4 Rh1 57. f6 Rh6 58. f7 Rf6 59. Ne5
Rf5 60. Kd3 Rxf4 61. Kd2 Ka4 62. Kd3 Ka3 63. Kc2 b5 64. Nc6 Rxf7 65. Nxd4 b4
66. Kd3 b3 67. Kxc3 b2 68. Nc2+ Ka2 69. Nb4+ Ka1 70. Nc2+ Kb1 71. Na3+ Kc1 0-1

[Event "4NCL Online Division 5"]
[Site "online"]
[Date "2020.05.26"]
[Round "8.243"]
[White "Bell, Euan"]
[Black "Clynes, Chris"]
[Result "0-1"]
[WhiteElo "700"]
[BlackElo "1435"]
[PlyCount "116"]
[EventDate "2020.05.26"]
[WhiteTeam "BBC Penguins"]
[BlackTeam "Bishop Knights"]

1. c4 g6 2. b3 Bg7 3. Nc3 Nf6 4. Bb2 O-O 5. g3 c6 6. Bg2 d6 7. Nf3 Bg4 8. Ng5
h6 9. Bh3 Bxh3 10. Nxh3 Qd7 11. Nf4 e5 12. Nd3 Qf5 13. h3 h5 14. Ba3 Ne4 15. g4
hxg4 16. hxg4 Qxg4 17. Nxe4 Qxe4 18. f3 Qd4 19. Bb2 Qb6 20. Qc2 Nd7 21. O-O-O
f5 22. a4 Nc5 23. Ba3 Nxb3+ 24. Kb1 Nd4+ 25. Qb2 Qxb2+ 26. Nxb2 c5 27. Rh2 Kf7
28. Ka2 Rh8 29. Rdh1 Nxe2 30. Rxh8 Rxh8 31. Re1 Nd4 32. Rf1 Rh3 33. Rb1 Rxf3
34. Rc1 Bh6 35. Rc3 Bxd2 36. Rxf3 Nxf3 37. Nd3 e4 38. Nf2 e3 39. Nd3 e2 40. Bb2
e1=Q 41. Nxe1 Bxe1 42. Kb1 Bg3 43. Kc2 Be5 44. Bc1 Nd4+ 45. Kd3 f4 46. Ke4 g5
47. a5 Nb3 48. Ba3 Nxa5 49. Kd3 g4 50. Bc1 g3 51. Bd2 b6 52. Ke2 Kf6 53. Kf1
Kg5 54. Kg2 Kg4 55. Bxf4 Bxf4 56. Kg1 Kh3 57. Kh1 g2+ 58. Kg1 Be3# 0-1